| 000 | 00642nam a22001817a 4500 | ||
|---|---|---|---|
| 003 | BDDh-ASL | ||
| 005 | 20231015031308.0 | ||
| 008 | 230403n x ||||| |||| 00| 0 b d | ||
| 040 |
_aBDDh-ASL _cBDDh-ASL |
||
| 041 | _aben | ||
| 082 |
_a297 _bHAI |
||
| 100 | 1 |
_aহক, এম্. সেরাজুল _97849 |
|
| 245 | 1 | 0 | _aইছলামের বৈশিষ্ট্য / |
| 246 | _aIslamer Boisisto by M. Serajul Haq. | ||
| 300 |
_a47 p. : _c16 cm. |
||
| 650 | 0 |
_aইসলাম ধর্ম , Isalāma dharma, Islam, Religion, Mohammedism, Mohammadan, Mohammedan, Muhammadan, Islamic Relition, Peace _9747 |
|
| 942 |
_2ddc _cBK |
||
| 999 |
_c31633 _d31633 |
||